Sociología y psicología social de la educación

Сохранить в:
Библиографические подробности
Главный автор: Alvarez, Marino (Автор)
Формат:
Язык:испанский
Опубликовано: Madrid Anaya 1986
Серии:Textos Universitarios
Предметы:
Метки: Добавить метку
Нет меток, Требуется 1-ая метка записи!

MARC

LEADER 00000nam a2200000 a 4500
001 UCW4330
003 CL-VaPUC
008 900111e19860000SP |||||||||||||||||spa|d
082 0 4 |a 306.43  |b ALV  |2 21 
100 0 |a Alvarez, Marino  |e author  |9 309033 
245 1 0 |a Sociología y psicología social de la educación 
300 |a 670 p 
942 |c BK 
945 |d 19900111 00:00:00 
260 |a Madrid  |b Anaya  |c 1986 
650 0 |a Sociología de la educación   |9 260380 
650 0 |a Psicología social   |9 222894 
583 |a last modification  |c 19900111 00:00:00  |k Rodrigo Vera 
490 0 |a Textos Universitarios 
999 |c 218097  |d 218095 
952 |0 0  |1 0  |4 0  |6 306_430000000000000_ALV_1986  |7 0  |8 A  |9 207034  |a BIBEDU  |b BIBEDU  |d 2019-11-15  |i 2748096  |o 306.43 ALV 1986  |p 2748096  |r 2019-11-15  |w 2019-11-15  |y BK  |k EDU